000 00213 a2200109 4500
020 _a9789968129183
041 _aspa
100 _aSantillana
245 _aCiencias Sociales 5to grado
942 _cBK
952 _74
999 _c21458
_d21458